Регионална библиотека "Любен Каравелов" - Русе

Лейди Гергана (Запис номер 347400)

MARC детайли
000 -Лидер
Контролно поле с фиксирана дължина 01081nam a2200289 a 4500
003 - Код на организацията, давaща контролен номер
Контролно поле BLK
005 - Дата и час на последна редакция
Контролно поле 20250723145212.0
008 - Елементи от данни с фиксирана дължина
fixed length control field 220208b bul|||||r ||||||| ||bul||
010 ## - Наследен системен номер
LC control number KNG00205155000
020 ## - Международен стандартен номер на книга ISBN
Международен стандартен номер на книга ISBN 9786199082898
040 ## - Източник на каталожния запис
Идентификатор на билиотеката - собственик на записа BLK
041 ## - Код за език
Код за езика на текст/звукозапис или на отделно заглавие Български
Код за езика КДБФ Български
080 ## - УДК
Текстов определител УДК Българска литература
УДК код - определител по УДК 821.163.2
УДК определител -31
УДК - код + определител 821.163.2-31
100 ## - Редна дума - Автор
Автор Цветкова, Цветелина Боянова
Авторска отговорност първи автор
R(LIN) 1299
139 ## - Редно поле
Редна дума Цветкова, Цветелина Боянова
Авторски знак Цветк - Ц 34
245 10 - Сведения за заглавието
Заглавие Лейди Гергана
Редно поле (дума) Цветелина Цветкова; ил. Ани Михалкова
257 ## - Страна на издаване
Страна на създаване/издаване България
260 ## - Област на издателските данни
Място на издаване, разпространение и проч. София
Име на издателя, разпространителя и проч. Пощенска кутия за приказки
Година на издаване 2019
Печатница (София : Алианс принт)
300 ## - Физическа характеристика
Страници 148 с.
Размери/Мащаб 18 см
380 ## - Жанр
Жанр Худож. лит.
659 ## - Тематичен бюлетин
Тематичен бюлетин Н
700 ## - Други автори (авторска отговорност)
9 (RLIN) 389356
Лично име Михалкова, Ани
Автороска отговорност (Описва отношението между автора и произведението) авт.
852 ## - Местоположение
Фондова буква Заемна - подръчен фонд
Систематично-азбучна сигнатура П 886.7-32/Ц 34
999 ## - СИСТЕМНИ КОНТРОЛНИ НОМЕРА
Koha biblionumber 347400
Koha biblioitemnumber 347400
942 ## - АРТИКУЛИ
Вид на библиотечния материал Книги
Скрит в OPAC Не
Koha issues (borrowed), all copies 59
Периодичен библиозапис Да
944 ## - СЪЗДАВАНЕ И РЕДАКЦИЯ на ЗАПИСА
Създаване/Редакция Създаване
Дата на регистрацията/редакция 2019-12-20
Статус, дата на статуса Мартин Енчев
Служител, извършил регистрацията/редакцията 30575
944 ## - СЪЗДАВАНЕ И РЕДАКЦИЯ на ЗАПИСА
Създаване/Редакция Редакция
Дата на регистрацията/редакция 2022-02-08
Служител, извършил регистрацията/редакцията ГГГ
Наличности
Код за отписване Код за изгубен артикул Източник на класификационната схема Код за повреда Коз за рестрикции Код за отдаване Артикулен № Име на библиотеката - собственик Име на библиотеката, в която се намира в момента Статус (Текущо местоположение) Дата на вписване в системата Местоположение - отдел Цена в лева Систематично азбучна сигнатура Баркод Цена в евро Служебен тип на артикула Инвентарен номер
  Не е изгубен Universal Decimal Classification Не е повреден без рестрикции заемане за дома 753186 Регионална библиотека "Любен Каравелов" Русе Регионална библиотека "Любен Каравелов" Русе Заемна - подръчен фонд 2019-12-23 Заемна - подръчен фонд 9.00 П 821.163.2-32/Ц 34 120000840495 4.60 Книги  
  Не е изгубен Universal Decimal Classification Не е повреден без рестрикции заемане за дома 753187 Регионална библиотека "Любен Каравелов" Русе Регионална библиотека "Любен Каравелов" Русе Заемна - подръчен фонд 2019-12-23 Заемна - подръчен фонд 9.00 П 886.7-32/Ц 34 120000840494 4.60 Книги  
  Не е изгубен Universal Decimal Classification Не е повреден само за читалня ползва се в читалня 872006 Регионална библиотека "Любен Каравелов" Русе Регионална библиотека "Любен Каравелов" Русе Хранилище 2022-02-15 Хранилище 12.00 Цб І 40939 120000865820 6.14 Книги  
  Не е изгубен Universal Decimal Classification Не е повреден   заемане за дома 974553 Регионална библиотека "Любен Каравелов" Русе Регионална библиотека "Любен Каравелов" Русе Заемна - подръчен фонд 2025-06-04 Заемна - подръчен фонд 12.00 821.163.2-32/Ц 34 Ц 120000920021 6.14 Книги 120000920021
Vip Innovations Ltd, Rousse, Bulgaria 2025